Catálogo
 En Linea

El refranero de Bolivar : (Registro nro. 6765)

Detalles MARC
000 -CABECERA
campo de control de longitud fija 00752cam a2200193 a 4500
001 - NÚMERO DE CONTROL
campo de control 000006981
005 - FECHA Y HORA DE LA ÚLTIMA TRANSACCIÓN
campo de control 20200929154034.0
008 - DATOS DE LONGITUD FIJA--INFORMACIÓN GENERAL
campo de control de longitud fija 830919s1975 ve a b 001 0 spa
040 ## - FUENTE DE LA CATALOGACIÓN
Centro catalogador/agencia de origen DO-SdBNP
Lengua de catalogación spa
Centro/agencia transcriptor BNPHU
082 ## - NÚMERO DE LA CLASIFICACIÓN DECIMAL DEWEY
Número de clasificación xx
Número de documento/Ítem F289r
100 1# - ENTRADA PRINCIPAL--NOMBRE DE PERSONA
Nombre de persona Febres Cordero, Julio,
Fechas asociadas al nombre 1921-
9 (RLIN) 19411
245 13 - MENCIÓN DE TÍTULO
Título El refranero de Bolivar :
Resto del título fuentes para el estudio de su pensamiento político /
Mención de responsabilidad, etc. Julio Febres Cordero.
260 ## - PUBLICACIÓN, DISTRIBUCIÓN, ETC.
Lugar de publicación, distribución, etc. Caracas :
Nombre del editor, distribuidor, etc. Centauro,
Fecha de publicación, distribución, etc. 1975.
300 ## - DESCRIPCIÓN FÍSICA
Extensión 242 p. :
Otras características físicas il. ;
Dimensiones 22 cm.
504 ## - NOTA DE BIBLIOGRAFÍA, ETC.
Nota de bibliografía, etc. Incluye referencias bibliográficas.
600 10 - PUNTO DE ACCESO ADICIONAL DE MATERIA--NOMBRE DE PERSONA
Nombre de persona Bolivar, Simon,
Fechas asociadas al nombre 1783-1830
Subdivisión general Knowledge
-- Folklore.
9 (RLIN) 19412
600 10 - PUNTO DE ACCESO ADICIONAL DE MATERIA--NOMBRE DE PERSONA
Nombre de persona Bolivar, Simon,
Fechas asociadas al nombre 1783-1830
Subdivisión general Political and social views.
9 (RLIN) 19413
700 12 - PUNTO DE ACCESO ADICIONAL--NOMBRE DE PERSONA
Nombre de persona Bolivar, Simon,
Fechas asociadas al nombre 1783-1830.
Título de la obra Selections.
Fecha de publicación/de la obra 1975.
9 (RLIN) 19414
Existencias
Estado de retiro Estado de pérdida Restricciones de uso No para préstamo Código de colección Localización permanente Ubicación/localización actual Ubicación en estantería Fecha de adquisición Número de inventario Total de préstamos Signatura topográfica completa Código de barras Fecha visto por última vez Precio válido a partir de Tipo de ítem Koha
    Préstamo interno   Monografías: Libros y Folletos General General En catalogación 03.09.2009 LF1   xx F289r 6981-10 25.06.2020 25.06.2020 Préstamo interno

Con tecnología Koha